| 000 | 00900cam a2200217 4500 | ||
|---|---|---|---|
| 001 | X103140 | ||
| 008 | 000000n1999 000 0 eng u | ||
| 035 | _a(Sirsi) u103140 | ||
| 110 |
_aWestcott _hF.J. |
||
| 245 | _aWaste management licensing regulations applied to the remediation of contaminated land: an update | ||
| 260 | _c1999 | ||
| 490 |
_aLand Contamination & Reclamation _v 7(4) 1999, 245-251(7) |
||
| 520 | _aUpdates a previous paper on the application of the Waste Management Licensing Regulations to contaminated land. Looks at how the Environment Agency has clarified its position and the potential impact of the regulations on brownfield developments. | ||
| 590 | _aABS | ||
| 650 | _aCONTAMINATED LAND | ||
| 650 | _aBROWNFIELD LAND | ||
| 650 | _aREMEDIATION | ||
| 650 | _aWASTE MANAGEMENT LICENSING REGULATIONS | ||
| 690 | _aENVIRONMENTAL AND LAND CONSULTANCY | ||
| 942 | _n0 | ||
| 999 |
_c61990 _d61990 |
||